| 000 | 00559nam a2200193Ia 4500 | ||
|---|---|---|---|
| 001 | 15096 | ||
| 003 | GE_BSU | ||
| 008 | 181216s||||||||xx |||||||||||||| ||und|| | ||
| 040 | _cGE_BSU | ||
| 080 | _a530 | ||
| 245 | _aВремя и современная физика | ||
| 245 | _cПер. с франц.Г.А.Зайцева. Под. ред.Д.А.Франк-Каменского | ||
| 260 | _aМосква | ||
| 260 | _bМир | ||
| 260 | _c1970 | ||
| 300 | _a151стр.20см. | ||
| 653 | _aВремя и современная физика | ||
| 942 | _cBK | ||
| 999 |
_c48214 _d48214 |
||